| 000 | 00546nam a2200217Ia 4500 | ||
|---|---|---|---|
| 003 | OSt | ||
| 005 | 20250210135821.0 | ||
| 008 | 210210b1952 xxu||||| |||| 00| 0 eng d | ||
| 040 | _cAL | ||
| 041 | _ahin | ||
| 082 | _a869/64 | ||
| 100 |
_aGHILDIYAL (आर) _9198713 |
||
| 110 |
_bघिल्डियाल आर _9198717 |
||
| 245 |
_aMauli _bमौली |
||
| 260 |
_aAllahabad _b- _c1952 |
||
| 650 |
_aPrathinidhi _9198714 |
||
| 650 |
_akahaniyan _9198715 |
||
| 690 |
_aHindi Fiction _9198716 |
||
| 906 | _a023863 | ||
| 942 |
_2ddc _cBK |
||
| 999 |
_c148828 _d148828 |
||